00725nam a2200241 a 4500001001300000003000900013005001700022008004100039020001000080082002000090100003100110245003100141260003600172300000900208500003500217505001000252650004000262700003100302902000800333942000700341952012000348999001500468nice12345678IN_TiNIC20260116012217.0050524s1868 lona grp 000 0 eng  ac10000a915.304031bPAU aPaulgrave, William Gofford aCentral and Eastern Arabia aLondonbMacmillan and Co.c1868 a421p aincludes index and biblioraphy2 aIndex aBible O.T. Criticism & Interpretati1 aPaulgrave, William Gofford bSRS cBK 001040708StackRoom-aHMIbHMId2007-06-05g100.00l0o915.304031 PAUp08478r2007-06-05v100.00w2005-05-24yBK c6094d6094